000 00766nam a2200193Ia 4500
003 GCL
008 140319s9999 xx 000 0 ara d
040 _aGCL /
_cGCL
082 0 4 _a230
_bا م
100 1 _aابن حجر العسقلانى : بدر الدين ابو المعالى محمد بن احمد بن على
245 1 0 _aالمنتخب /
_cابن حجر العسقلانى : بدر الدين ابو المعالى محمد بن احمد بن على
700 1 _aمحمد بن رديد المسعودى
700 1 _aمحمد بن رديد المسعودى ( تعليق)
300 _a89 ص
490 _aالهيئة العامة للاستعلامات
_v0
650 0 4 _aالحديث - شرح
650 0 4 _aعلوم الحديث
942 _2ddc
_cBK
999 _c47730
_d47730